[Event "GER-chT Federal Cup (Women)"]
[Site "Braunfels"]
[Date "2006.05.05"]
[Round "2"]
[White "Eckhardt, Claudia"]
[Black "Zoellner, Ev Gislain"]
[Result "1-0"]
[WhiteElo "2260"]
[BlackElo "2047"]
[PlyCount "81"]
[EventDate "2006.05.04"]
[EventType "team-swiss"]
[EventRounds "5"]
[EventCountry "GER"]
[SourceTitle "EXT 2010"]
[Source "ChessBase"]
[SourceDate "2010.11.25"]
[SourceVersion "1"]
[SourceVersionDate "2010.11.25"]
[SourceQuality "1"]

1. d4 Nf6 2. Nf3 g6 3. g3 Bg7 4. Bg2 d5 5. 0-0 0-0 6. c4 c5 7. dxc5 dxc4 8. Qc2 Qd5 9. Nc3 Qxc5 10. h3 Na6 11. Be3 Qa5 12. Nd2 Nb4 13. Qc1 Qh5 14. g4 Bxg4 15. hxg4 Nxg4 16. Nf3 Nxe3 17. fxe3 Rad8 18. Kf2 h6 19. Rh1 Qc5 20. Rh4 Rd3 21. a3 Rxc3 22. bxc3 Nd5 23. Nd4 g5 24. Rh3 Nf6 25. Qb1 b6 26. Qf5 Qc7 27. Rah1 e6 28. Qb1 Ng4+ 29. Kg1 Qe5 30. Qe4 Qxe4 31. Bxe4 Nf6 32. Bg2 Nd5 33. Bxd5 exd5 34. Kf2 Re8 35. Rc1 f6 36. Nf5 Kh7 37. Rch1 Kg6 38. Nxg7 Kxg7 39. Rxh6 a6 40. Rh7+ Kg6 41. Rd7 1-0

[Event "GER-chT Federal Cup (Women)"]
[Site "Braunfels"]
[Date "2006.05.05"]
[Round "3"]
[White "Lange, Corinna"]
[Black "Eckhardt, Claudia"]
[Result "0-1"]
[WhiteElo "2077"]
[BlackElo "2260"]
[PlyCount "80"]
[EventDate "2006.05.04"]
[EventType "team-swiss"]
[EventRounds "5"]
[EventCountry "GER"]
[SourceTitle "EXT 2010"]
[Source "ChessBase"]
[SourceDate "2010.11.25"]
[SourceVersion "1"]
[SourceVersionDate "2010.11.25"]
[SourceQuality "1"]

1. e4 c5 2. Nf3 e6 3. d4 cxd4 4. Nxd4 a6 5. Nc3 b5 6. Nb3 Bb7 7. f3 Qc7 8. Be3 Nf6 9. a3 Be7 10. Qd2 0-0 11. Qf2 Nc6 12. g4 d6 13. g5 Nd7 14. f4 Rfe8 15. Bg2 Na5 16. Nxa5 Qxa5 17. 0-0 Qc7 18. Rad1 Bf8 19. Rd2 Bc6 20. Qh4 Be7 21. Qg4 Rab8 22. Ne2 Qb7 23. Ng3 b4 24. axb4 Qxb4 25. c3 Qb7 26. h4 Bf8 27. h5 Qc7 28. Bd4 g6 29. f5 exf5 30. exf5 Ne5 31. Bxe5 Rxe5 32. fxg6 fxg6 33. Qc4+ d5 34. Bxd5+ Rxd5 35. Ne4 Qb6+ 36. Kg2 Qb5 37. Qa2 Kh8 38. Rdf2 Rxg5+ 39. Kh3 Rxh5+ 40. Kg4 Bd7+ 0-1

[Event "GER-chT Federal Cup (Women)"]
[Site "Braunfels"]
[Date "2006.05.04"]
[Round "1"]
[White "Gussakovski, Jana"]
[Black "Eckhardt, Claudia"]
[Result "1/2-1/2"]
[WhiteElo "2073"]
[BlackElo "2260"]
[PlyCount "68"]
[EventDate "2006.05.04"]
[EventType "team-swiss"]
[EventRounds "5"]
[EventCountry "GER"]
[SourceTitle "EXT 2010"]
[Source "ChessBase"]
[SourceDate "2010.11.25"]
[SourceVersion "1"]
[SourceVersionDate "2010.11.25"]
[SourceQuality "1"]

1. e4 c5 2. c3 d5 3. exd5 Qxd5 4. d4 Nf6 5. Be3 cxd4 6. cxd4 e6 7. a3 Nc6 8. Nc3 Qd6 9. Nf3 Be7 10. Bc4 0-0 11. 0-0 a6 12. Ba2 Rd8 13. Qe2 Bf8 14. Rfd1 Ne7 15. Ng5 Ned5 16. Nce4 Nxe4 17. Nxe4 Qe7 18. Bg5 f6 19. Bd2 b6 20. Re1 Qb7 21. Qf3 Ra7 22. Rac1 Qa8 23. Qh3 Kh8 24. Rc2 Bd7 25. Qg3 Ba4 26. Rcc1 Be8 27. Nc3 Bf7 28. Nxd5 exd5 29. Bb1 Kg8 30. Bf4 Re8 31. Qc3 Rae7 32. h3 Rxe1+ 33. Rxe1 Rxe1+ 34. Qxe1 Qe8 1/2-1/2

[Event "EU-ch (Women) 7th"]
[Site "Kusadasi"]
[Date "2006.04.14"]
[Round "10"]
[White "Steil Antoni, Fiona"]
[Black "Eckhardt, Claudia"]
[Result "1/2-1/2"]
[WhiteElo "1939"]
[BlackElo "2260"]
[PlyCount "136"]
[EventDate "2006.04.04"]
[EventType "swiss"]
[EventRounds "11"]
[EventCountry "TUR"]
[SourceTitle "CBM 111 Extra"]
[Source "ChessBase"]
[SourceDate "2006.05.09"]
[SourceVersion "1"]
[SourceVersionDate "2006.05.09"]
[SourceQuality "1"]

1. e4 c5 2. Nc3 Nc6 3. f4 g6 4. Nf3 Bg7 5. Bb5 Nd4 6. 0-0 a6 7. Bd3 d6 8. Nxd4 cxd4 9. Ne2 Nf6 10. c3 dxc3 11. bxc3 Bd7 12. Bc2 0-0 13. Kh1 Qc7 14. Qe1 b5 15. d4 Rac8 16. Bd3 Bc6 17. Ng3 Bb7 18. Bd2 e5 19. fxe5 dxe5 20. d5 Ne8 21. Rc1 Nd6 22. Qe2 Rfe8 23. a4 Qd7 24. axb5 axb5 25. Qf2 Ra8 26. Ra1 Rxa1 27. Rxa1 f5 28. Ra7 fxe4 29. Nxe4 Rf8 30. Qe2 Nc8 31. Bxb5 Qf7 32. Ng5 Qe7 33. Bc4 Kh8 34. Ra1 Nd6 35. Ne6 Rc8 36. Bg5 Bf6 37. Bxf6+ Qxf6 38. Rf1 Nf5 39. Ba6 Bxa6 40. Qxa6 Re8 41. g4 Qh4 42. gxf5 Qe4+ 43. Kg1 gxf5 44. Rf2 Rg8+ 45. Kf1 Qb1+ 46. Ke2 Qc2+ 47. Ke3 Qe4+ 48. Kd2 Qxd5+ 49. Nd4 exd4 50. Qf6+ Rg7 51. cxd4 Kg8 52. Re2 Qa2+ 53. Ke3 Qd5 54. Qe5 Qxe5+ 55. dxe5 Kf7 56. Kf4 Ke6 57. h3 Rg1 58. Ra2 Rf1+ 59. Kg3 Kxe5 60. Ra7 f4+ 61. Kg2 Rb1 62. Rxh7 Rb2+ 63. Kf3 Rb3+ 64. Kf2 Ke4 65. Re7+ Kf5 66. Rf7+ Kg5 67. Rg7+ Kf6 68. Rh7 Kg6 1/2-1/2

[Event "EU-ch (Women) 7th"]
[Site "Kusadasi"]
[Date "2006.04.09"]
[Round "6"]
[White "Norinkeviciute, Rasa"]
[Black "Eckhardt, Claudia"]
[Result "1-0"]
[WhiteElo "2073"]
[BlackElo "2260"]
[PlyCount "110"]
[EventDate "2006.04.04"]
[EventType "swiss"]
[EventRounds "11"]
[EventCountry "TUR"]
[SourceTitle "CBM 111 Extra"]
[Source "ChessBase"]
[SourceDate "2006.05.09"]
[SourceVersion "1"]
[SourceVersionDate "2006.05.09"]
[SourceQuality "1"]

1. e4 c5 2. c3 d5 3. exd5 Qxd5 4. d4 Nf6 5. Nf3 Nc6 6. dxc5 Qxc5 7. Na3 e6 8. Be3 Qa5 9. Nc4 Qc7 10. Qa4 Bd7 11. Nb6 Rd8 12. Nxd7 Nxd7 13. Bb5 a6 14. Bxc6 Qxc6 15. Qxc6 bxc6 16. 0-0-0 Be7 17. Rd3 Rc8 18. Rhd1 Nf6 19. Bg5 Nd5 20. Bxe7 Kxe7 21. c4 Nb6 22. Ne5 f6 23. Rb3 fxe5 24. Rxb6 Rc7 25. Rxa6 Rf8 26. Rd2 Rf4 27. b3 Rd4 28. Re2 e4 29. Ra5 Kd6 30. Rh5 h6 31. c5+ Ke7 32. Re5 Ra7 33. Kb2 Ra5 34. a3 Kf6 35. R5xe4 Rxe4 36. Rxe4 Rxc5 37. Rc4 Rf5 38. f3 c5 39. Re4 Rg5 40. Re2 Ke7 41. Kc3 Kd6 42. Rd2+ Kc6 43. Kc4 Rf5 44. Re2 Rf6 45. Re5 Rf4+ 46. Re4 Rf6 47. a4 g6 48. a5 g5 49. a6 Kb6 50. a7 Kxa7 51. Kxc5 Rf5+ 52. Kd6 Rb5 53. b4 e5 54. Ke6 Kb7 55. Rc4 Kb8 1-0